000 00860nas a2200289 4500
001 BR0301772
003 BR-BrBNA
005 20231205103725.0
007 ta
008 230509b bl.|||p| |||| 00| 00por d
040 _aBR-BrBNA
_bpor
_cBiblioteca Nacional de Agricultura
041 _a(Pt)
072 _aH10; H20
100 1 _aMassola Júnior, N.S.
245 1 _aEnfezamentos vermelho e pálido: Doenças em milho causadas por molicutes
650 _aMILHO
650 _aENFEZAMENTO
650 _aESPIGA
650 _aELISA
650 _aCIGARRINHA
650 _aTRANSMISSÃO DE DOENÇA
650 _aVARIEDADE RESISTENTE
650 _aCONDIÇÃO AMBIENTAL
773 0 _tSemina Ciencias Agrarias (Brazil)
_xISSN 1676-546X
_g(Jul-Dec 2001), v. 22(2) p. 237-243
_wBR0301772
909 _a202311
_bLúcia
_c55
_dLúcia Elande
942 _2AGRIS
_n0
_cANA
999 _c174387
_d174387